Applied Mathematics for Engineers And Physicists (Record no. 544024)

000 -LEADER
fixed length control field 00449nam a2200157 a 4500
082 ## - DEWEY DECIMAL CLASSIFICATION NUMBER
Classification number 519.8620
Author Mark PIP
-- L-3, P-22
100 1# - MAIN ENTRY--PERSONAL NAME
Personal name Pipes , Lovis A.
9 (RLIN) 39560
245 ## - TITLE STATEMENT
Title Applied Mathematics for Engineers And Physicists
250 ## - EDITION STATEMENT
Edition statement Third Edition
260 ## - PUBLICATION, DISTRIBUTION, ETC.
Place of publication, distribution, etc. New Your:
Name of publisher, distributor, etc. McGrawHill Books ,
Date of publication, distribution, etc. 1972
300 ## - PHYSICAL DESCRIPTION
Extent 1015.p
526 ## - STUDY PROGRAM INFORMATION NOTE
Program name 0
Interest level 0
Reading level 0
Title point value 519_862000000000000_PIP
650 #0 - SUBJECT ADDED ENTRY--TOPICAL TERM
Topical term or geographic name entry element Mathematical Physics
9 (RLIN) 8499
650 #0 - SUBJECT ADDED ENTRY--TOPICAL TERM
Topical term or geographic name entry element MCE
9 (RLIN) 379
942 ## - ADDED ENTRY ELEMENTS (KOHA)
Source of classification or shelving scheme
Koha item type Book
Holdings
Withdrawn status Lost status Source of classification or shelving scheme Damaged status Not for loan Permanent Location Current Location Date acquired Total Checkouts Full call number Barcode Date last seen Price effective from Koha item type
          Military College of Engineering (MCE) Military College of Engineering (MCE) 04/09/2014   519.8620 PIP MCE-28447 04/09/2014 04/09/2014 Book
© 2023 Central Library, National University of Sciences and Technology. All Rights Reserved.